LEADER 02954nam a2200337 4500 001 000000330932 003 CaOOAMICUS 005 20181026155647.0 008 181026s20122017ne a 000 u eng r 020 $a978-90-04-21670-9 020 $a978-90-04-32969-0 040 $aSeMil$bita 100 1 $aMaryks, Robert Aleksander.$0(OLS)http://semarc/name/108389 245 01$a"Pouring Jewish water into fascist wine" :$buntold satires of (Catholic) Jews from the archive of Mussolini's jesuit Pietro Tacchi Venturi /$cby Robert Aleksander Maryks. 264 1$aLeiden :$bBrill,$c2012-2017. 300 $a2 v. :$bill. ;$c25 cm 490 0 $aStudies in the history of Christian traditions 500 $aDocumenti in italiano con traduzione e commento in inglese 520 0 $aThe aim of this book is to offer the reader a critical edition of the petitions in their original Italian language that (Catholic) Jews residing in Italy submitted to the Fascist General Administration for Demography and Race (Demorazza) in order either to be ?discriminated,? i.e., not subjected to various provisions of Mussolini?s racial laws of 1938, or ?Aryanized,? i.e., be considered not of ?the Jewish race,? as defined by the convoluted and inconsistent Fascist anti-Semitic legislation. Anyone born of parents who both were of ?the Jewish race,? even though professing a religion other than Judaism, was deemed to be Jewish. Consequently, the racial laws affected not only those Italians who considered themselves Jewish, whether secular or religious, but also a significant number of Catholics whose ancestors had been Jewish, as the majority of the cases contained in this volume show 600 00$aTacchi Venturi, Pietro,$d<1861-1956>.$0(OLS)http://semarc/subject/47748 650 4$aEbrei - Persecuzioni - Italia - 1938-1945.$0(OLS)http://semarc/subject/4264 650 4$aEbrei convertiti - Italia - Statuto giuridico - 1900-1945.$0(OLS)http://semarc/subject/47749 650 4$aEbrei - Persecuzioni - Italia - 1938 - Fonti archivistiche.$0(OLS)http://semarc/subject/47750 774 0 $tPouring Jewish water into fascist wine". [Vol. 1].$dLeiden : Brill, 2012.$kStudies in the history of Christian traditions$z978-90-04-21670-9$g1$w()330933 774 0 $tPouring Jewish water into fascist wine". Vol. 2.$dLeiden : Brill, 2017.$kStudies in the history of Christian traditions$z978-90-04-32969-0$g2$w()330934 830 0$aStudies in the history of Christian traditions.$0(OLS)http://semarc/title/419554 996 $6020$a978-90-04-21670-9$9(OLS)http://semarc/number/285481 996 $6020$a978-90-04-32969-0$9(OLS)http://semarc/number/285482 996 $6245$a"Pouring Jewish water into fascist wine" :$buntold satires of (Catholic) Jews from the archive of Mussolini's jesuit Pietro Tacchi Venturi$9(OLS)http://semarc/title/419555 996 $6264$aLeiden :$bBrill$9(OLS)http://semarc/publisher/29725 LEADER 01136nam a2200289 i 4500 001 000000043950 003 CaOOAMICUS 005 20190411115242.0 008 131129s1994 it u000 u ita u 013 $a15120 020 $a88-399-2105-2 040 $aSeMil$bita 100 1 $aKenik Mainelli, Helen.$0(OLS)http://semarc/name/21837 240 10$aNumbers.$0(OLS)http://semarc/title/64774 245 10$aNumeri /$cHelen Kenik Mainelli. 260 $aBrescia :$bQueriniana,$ccopyr. 1994. 300 $a193 p. ;$c21 cm. 490 0 $aLa Bibbia per tutti ;$v5 650 4$aBibbia. Antico Testamento. Numeri - Commentari, studi, critica, interpretazioni.$0(OLS)http://semarc/subject/11065 830 3$aLa Bibbia per tutti ;$v5.$0(OLS)http://semarc/title/134 850 $aSeMil 852 $aSeMil$W1$xVenegono$y1$m2W II 185$j10105$B10105$CSeMilBibl$Z2$F10105 $81 961 $aOmaggio: Scuola Cattolica 996 $6020$a88-399-2105-2$9(OLS)http://semarc/number/15700 996 $6245$aNumeri$9(OLS)http://semarc/title/12031 996 $6260$aBrescia :$bQueriniana$9(OLS)http://semarc/publisher/29615